MARC details
| 000 -LEADER |
| campo de control de longitud fija |
01663nam a22004457a 4500 |
| 003 - IDENTIFICADOR DE NÚMERO DE CONTROL |
| campo de control |
OSt |
| 005 - FECHA Y HORA DE LA ÚLTIMA TRANSACCIÓN |
| campo de control |
20230421153210.0 |
| 008 - DATOS DE LONGITUD FIJA--INFORMACIÓN GENERAL |
| campo de control de longitud fija |
221006b |||||||| |||| 00| 0 eng d |
| 040 ## - FUENTE DE CATALOGACIÓN |
| Centro/agencia transcriptor |
Biblioteca Lado V |
| 082 ## - NÚMERO DE LA CLASIFICACIÓN DECIMAL DEWEY |
| Número de clasificación |
700 |
| Número de ítem |
Z39a |
| 100 ## - ENTRADA PRINCIPAL--NOMBRE DE PERSONA |
| 9 (RLIN) |
802 |
| Nombre de persona |
Zaya, Antonio |
| Término indicativo de función/relación |
editor |
| -- |
director |
| 245 ## - MENCIÓN DEL TÍTULO |
| Título |
Atalantica/ |
| Resto del título |
Revista de Arte y Pensamiento/ |
| 260 ## - PUBLICACIÓN, DISTRIBUCIÓN, ETC. |
| Nombre del editor, distribuidor, etc. |
Centro Atlantico de Arte Moderno |
| Fecha de publicación, distribución, etc. |
2000 |
| Lugar de publicación, distribución, etc. |
España |
| 300 ## - DESCRIPCIÓN FÍSICA |
| Dimensiones |
24x30cm |
| Extensión |
139p. |
| 490 ## - MENCIÓN DE SERIE |
| Designación de volumen o secuencia |
2000 |
| Número Internacional Normalizado para Publicaciones Seriadas |
1132-8428 |
| Mención de serie |
27 |
| 505 ## - NOTA DE CONTENIDO CON FORMATO |
| Título |
Jose Ruiz |
| 505 ## - NOTA DE CONTENIDO CON FORMATO |
| Título |
Chen Zhen en Conversación con Hans Ulrich Obrist |
| 505 ## - NOTA DE CONTENIDO CON FORMATO |
| Título |
Parque de Argentina<br/> |
| 505 ## - NOTA DE CONTENIDO CON FORMATO |
| Título |
Playground and Toys |
| 505 ## - NOTA DE CONTENIDO CON FORMATO |
| Título |
Miralda en la expo de Hannover |
| 505 ## - NOTA DE CONTENIDO CON FORMATO |
| Título |
Una Cierta Movida en Latinoamérica |
| 505 ## - NOTA DE CONTENIDO CON FORMATO |
| Título |
Un proyecto de LOS CARPINTEROS |
| 505 ## - NOTA DE CONTENIDO CON FORMATO |
| Título |
TSIBI GEVA |
| 505 ## - NOTA DE CONTENIDO CON FORMATO |
| Título |
El mito Arcadico del Paisaje |
| 505 ## - NOTA DE CONTENIDO CON FORMATO |
| Título |
Ramon Diaz Padilla |
| 505 ## - NOTA DE CONTENIDO CON FORMATO |
| Título |
Juan Carlos Batista |
| 505 ## - NOTA DE CONTENIDO CON FORMATO |
| Título |
La Fotografia en Extremadura |
| 505 ## - NOTA DE CONTENIDO CON FORMATO |
| Título |
El CAAM mostró la influencia de la revolución |
| 505 ## - NOTA DE CONTENIDO CON FORMATO |
| Título |
El CAAM muestra "El tiempo de Africa" |
| 650 ## - PUNTO DE ACCESO ADICIONAL DE MATERIA--TÉRMINO DE MATERIA |
| Fuente del encabezamiento o término |
Tesauro de Arte & Arquitectura |
| Término de materia o nombre geográfico como elemento de entrada |
ARTE |
| 9 (RLIN) |
703 |
| 650 ## - PUNTO DE ACCESO ADICIONAL DE MATERIA--TÉRMINO DE MATERIA |
| Fuente del encabezamiento o término |
Tesauro de Arte & Arquitectura |
| Término de materia o nombre geográfico como elemento de entrada |
EXPOSICIONES |
| 650 ## - PUNTO DE ACCESO ADICIONAL DE MATERIA--TÉRMINO DE MATERIA |
| Fuente del encabezamiento o término |
Tesauro de Arte & Arquitectura |
| Término de materia o nombre geográfico como elemento de entrada |
CULTURA |
| 650 ## - PUNTO DE ACCESO ADICIONAL DE MATERIA--TÉRMINO DE MATERIA |
| Fuente del encabezamiento o término |
Tesauro de Arte & Arquitectura |
| Término de materia o nombre geográfico como elemento de entrada |
APRECIACION |
| 650 ## - PUNTO DE ACCESO ADICIONAL DE MATERIA--TÉRMINO DE MATERIA |
| Fuente del encabezamiento o término |
Tesauro de Arte & Arquitectura |
| Término de materia o nombre geográfico como elemento de entrada |
TEORIA |
| 650 ## - PUNTO DE ACCESO ADICIONAL DE MATERIA--TÉRMINO DE MATERIA |
| Fuente del encabezamiento o término |
Tesauro de Arte & Arquitectura |
| Término de materia o nombre geográfico como elemento de entrada |
CRITICA |
| 650 ## - PUNTO DE ACCESO ADICIONAL DE MATERIA--TÉRMINO DE MATERIA |
| Fuente del encabezamiento o término |
Tesauro de Arte & Arquitectura |
| Término de materia o nombre geográfico como elemento de entrada |
FOTOGRAFIA |
| 9 (RLIN) |
702 |
| 650 ## - PUNTO DE ACCESO ADICIONAL DE MATERIA--TÉRMINO DE MATERIA |
| Fuente del encabezamiento o término |
Tesauro de Arte & Arquitectura |
| Término de materia o nombre geográfico como elemento de entrada |
LITERATURA |
| 650 ## - PUNTO DE ACCESO ADICIONAL DE MATERIA--TÉRMINO DE MATERIA |
| Fuente del encabezamiento o término |
Tesauro de Arte & Arquitectura |
| Término de materia o nombre geográfico como elemento de entrada |
ESPAÑA |
| 942 ## - ELEMENTOS DE ENTRADA SECUNDARIOS (KOHA) |
| Fuente del sistema de clasificación o colocación |
Clasificación Decimal Dewey |
| Tipo de ítem Koha |
Libros |
| Parte de la signatura que corresponde a la clasificación (Parte de la clasificación) |
700 |
| Parte de la signatura que identifica el ejemplar (Parte del ítem) |
Z39a |
| Suprimir en OPAC |
No |